[Event "Val Thorens op 09th"]
[Site "Val Thorens"]
[Date "1984.07.??"]
[Round "6"]
[White "Seret, Jean Luc"]
[Black "Giffard, Nicolas"]
[Result "1-0"]
[WhiteElo "2390"]
[BlackElo "2340"]
[Annotator "Primel,D"]
[PlyCount "81"]
[EventDate "1984.07.??"]
[EventType "swiss"]
[EventRounds "9"]
[EventCountry "FRA"]
[SourceTitle "EXT 2021"]
[Source "ChessBase"]
[SourceDate "2020.10.23"]
[SourceVersion "1"]
[SourceVersionDate "2020.10.23"]
[SourceQuality "1"]
[TimeControl "40/7200:20/3600:0"]

1. d4 Nf6 2. Nf3 e6 3. c4 b6 4. Nc3 Bb4 5. Qc2 (5. Bg5 {La grande ligne} Bb7 6.
e3 h6 7. Bh4 g5 8. Bg3 Ne4) 5... Bb7 6. a3 Bxc3+ 7. Qxc3 d6 8. g3 (8. e3 Nbd7
9. b4 a5 10. Bb2 O-O 11. Be2 Ne4 12. Qd3 axb4 13. axb4 Rxa1+ 14. Bxa1 Qa8 15.
O-O Qa2 16. Rc1 Ra8 17. Ne1 d5 18. cxd5 Bxd5 19. f3 Nd6 20. Bd1 Bc4 21. Qc2
Qxc2 22. Bxc2 f5 23. Nd3 Ra2 24. Nb2 Bd5 25. Nd1 Nf6 26. Nc3 Ra7 27. Kf2 b5 28.
g4 c6 29. g5 Nd7 30. e4 Bc4 31. Bb2 Kf7 32. Kg3 Nf8 33. h4 Kg6 34. Nd1 {
1/2-1/2 (34) Polugaevsky,L (2625)-Seirawan,Y (2600) Tilburg 1983}) 8... c5 $146
{Une poussée thématique mais peut-être prématurée} (8... Nbd7 9. Bg2 O-O
10. O-O Be4 11. Rd1 Qb8 12. Bf1 Rd8 13. b3 b5 14. Nd2 Bc6 15. Bb2 a5 16. Qc2
Qb7 17. Rac1 Rdc8 18. c5 Rab8 19. e4 d5 20. e5 Ne4 21. f3 Nxd2 22. Rxd2 Rf8 23.
Bd3 g6 24. Rf2 f5 25. exf6 Rxf6 26. Re1 Nf8 27. Kg2 a4 28. b4 Be8 29. Bc1 c6
30. Bg5 Rf7 31. Qd2 Bd7 32. Bf4 Re8 33. Bd6 Qc8 34. Qh6 Qd8 35. Re3 Bc8 36. h4
Qf6 37. Be5 Qe7 38. h5 {Anikaev,Y (2460)-Kaunas,K (2260) Klaipeda 1983 1-0}) (
8... O-O $142 9. Bg2 a5 10. b3 Nbd7 11. O-O Be4 (11... c5 12. Bb2 Qe7 13. Rfd1
Rfd8 $132) 12. Bb2 (12. a4 c5 {Alterman,V (2375)-Razuvaev,Y (2470) URS-chT
Republics 14th final A 1979 (3) 1/2}) 12... Qb8 $132) 9. dxc5 $5 {L'ouverture
du centre doit profiter au camp qui a la paire de B} bxc5 10. Bg2 Nc6 {[%csl
Gd4][%cal Gc6d4]} 11. O-O a5 12. Rd1 $14 Qe7 (12... Qc7 13. Bf4) 13. Bg5 $1 Rd8
{Le plan choisi par le top GMI NAIDITSH est plus souple} (13... O-O $142 14.
Rd2 Rfd8 15. Rad1 Rab8 $11 {[%csl Rb2] Avec un plan classique dans ce genre de
position} 16. Bxf6 gxf6 {Anastasian,A (2602)-Naiditsch,A (2657) EU-ch 7th
Kusadasi 2006 (11) 0-1}) 14. Rd2 O-O 15. Rad1 $36 Rd7 16. Bxf6 gxf6 17. Qe3 Rb8
18. Qf4 Ne5 $6 {Conduit à des échanges qui peuvent donner une meilleure
finale pour les Blancs et les Noirs se privent de la possibilité d'une finale
Q+N contre Q+B} (18... Ba8 $11 {[%csl Rb2][%cal Gb8b2]}) 19. Nxe5 fxe5 20. Qg4+
Kh8 21. Bxb7 Rbxb7 22. Qe4 Rb6 $2 (22... f5 $5 23. Qc2) 23. Qa8+ Kg7 24. Qxa5 {
[%csl Ga3] Non seulement les Blancs ont gagné un P mais le P passé est
dangereux} Rdb7 25. b4 $1 {La pointe!} (25. Qc3 Rb3) 25... cxb4 26. axb4 Rxb4
27. Rxd6 Qf6 28. c5 $1 {L'idée de la poussée b4} e4 29. c6 R7b5 30. Qa7 Rc4
31. c7 Rbc5 32. Rd7 $40 {[%csl Gd7,Rf7,Rg7]} h5 33. c8=Q Rxc8 34. Rxf7+ $1 Qxf7
35. Rd7 Rf8 36. Kg2 Kf6 37. Qa1+ Kg6 38. Rxf7 Rxf7 39. Qa6 $1 {[%cal Ga6c4,
Ga6e6]} Rb4 40. Qxe6+ Rf6 41. Qg8+ 1-0

[Event "Vandoeuvre op 11th"]
[Site "Vandoeuvre"]
[Date "2014.12.29"]
[Round "8"]
[White "Flom, Gabriel"]
[Black "Fedorchuk, Sergey A"]
[Result "1/2-1/2"]
[WhiteElo "2451"]
[BlackElo "2669"]
[Annotator "RR"]
[PlyCount "42"]
[EventDate "2014.12.26"]
[EventType "swiss"]
[EventRounds "9"]
[EventCountry "FRA"]
[SourceTitle "EXT 2017"]
[Source "ChessBase"]
[SourceDate "2016.10.25"]
[SourceVersion "1"]
[SourceVersionDate "2016.10.25"]
[SourceQuality "1"]

1. d4 Nf6 2. c4 e6 3. Nc3 Bb4 4. g3 O-O 5. Nf3 b6 (5... d5 6. Bg2 dxc4 7. O-O
Nc6 {Par rapport à une Catalane, les Blancs auront plus de difficultés à
récupérer le P"c4" et les Noirs égalisent assez vite} 8. a3 Be7 9. e4 Rb8
$11) 6. Bg2 Bb7 7. Bd2 d6 8. O-O Nbd7 9. Ne1 $146 (9. a3 Bxc3 10. Bxc3 {
Semkov,S (2450)-Prie,E (2435) BUL-FRA m Sofia 1990 (5) 1/2}) 9... Bxg2 10. Nxg2
c6 11. Rc1 a5 12. Qc2 Rb8 13. a3 Bxc3 14. Bxc3 d5 15. cxd5 (15. b3) 15... cxd5
16. Bd2 Rc8 17. Qxc8 Qxc8 18. Rxc8 Rxc8 $11 19. Rc1 Rxc1+ 20. Bxc1 Kf8 21. Kf1
Ke7 1/2-1/2

[Event "Plancoet op-A 10th"]
[Site "Plancoet"]
[Date "2013.08.01"]
[Round "6"]
[White "Petre, Nad Titus"]
[Black "Bailet, Pierre"]
[Result "1/2-1/2"]
[WhiteElo "2371"]
[BlackElo "2474"]
[Annotator "RR"]
[PlyCount "49"]
[EventDate "2013.07.28"]
[EventType "swiss"]
[EventRounds "9"]
[EventCountry "FRA"]
[SourceTitle "EXT 2017"]
[Source "ChessBase"]
[SourceDate "2016.10.25"]
[SourceVersion "1"]
[SourceVersionDate "2016.10.25"]
[SourceQuality "1"]
[TimeControl "40/5400+30:1800+30"]

1. c4 Nf6 2. Nc3 e6 3. d4 Bb4 4. Nf3 O-O ({RR} 4... c5) ({RR} 4... Bxc3+) 5.
Bg5 d6 (5... c5 $1 6. e3 h6 7. Bh4 Qa5 (7... g5 8. Bg3 Ne4 9. Rc1 f5 $13) 8.
Bxf6 Bxc3+ 9. bxc3 Qxc3+ 10. Nd2 gxf6) 6. e3 ({RR} 6. e4 h6 ({RR} 6... e5))
6... Nbd7 7. Nd2 ({RR} 7. Bd3 e5 ({RR} 7... Bxc3+ 8. bxc3 h6 9. h4 Qe8 10. Qc2
e5 11. Bf5 Kh8 12. Bxf6 Nxf6 13. Nd2 Qc6)) ({RR} 7. Qc2) ({RR} 7. Rc1 c5 8. Be2
b6 9. O-O Bxc3 10. Rxc3 Qc7 11. Rc1 Bb7 12. Qc2 Ne4 13. Bh4 f5) 7... c5 $146 ({
RR} 7... Bxc3 8. bxc3 h6 9. Bh4 e5 10. Bd3 Qe8 11. O-O b6 12. Qc2 Bb7 13. f4 e4
14. Be2 Nh7 15. f5 g5 16. fxg6 fxg6 17. Rxf8+ Kxf8 18. Rf1+ Kg7 19. d5 g5 20.
Bg3 Nhf6 21. Nb3 Nc5 22. Qd1 {Barsov,A (2445)-Florea,D Untergrombach 1995 1-0 
(39)}) 8. d5 Bxc3 9. bxc3 h6 10. Bh4 Ne5 (10... g5 11. Bg3 e5 12. Bd3 Qe7 13.
O-O e4) 11. dxe6 Bxe6 (11... fxe6 12. Be2 Qe7 13. O-O $11) 12. Be2 Ng6 13. Bg3
d5 14. Qc2 (14. cxd5 $143 Nxd5 $132 {[%csl Rc3]}) 14... d4 15. exd4 cxd4 16.
O-O Rc8 17. Rfd1 b5 $1 18. cxb5 Rxc3 19. Qb2 Qc8 20. Rac1 Rd8 $36 {[%csl Gd4]}
21. Nb1 Rc5 22. Qa3 Rxc1 23. Rxc1 Qb7 24. Nd2 d3 25. Qa5 $11 1/2-1/2

[Event "London Classic 3rd"]
[Site "London"]
[Date "2011.12.10"]
[Round "7"]
[White "Carlsen, Magnus"]
[Black "Adams, Michael"]
[Result "1-0"]
[WhiteElo "2826"]
[BlackElo "2734"]
[Annotator "RR"]
[PlyCount "75"]
[EventDate "2011.12.03"]
[EventType "tourn"]
[EventRounds "9"]
[EventCountry "ENG"]
[EventCategory "20"]
[SourceTitle "CBM 146"]
[Source "ChessBase"]
[SourceDate "2012.01.18"]
[SourceVersion "1"]
[SourceVersionDate "2012.01.18"]
[SourceQuality "1"]

1. d4 Nf6 2. c4 e6 3. Nc3 Bb4 4. Nf3 b6 5. Qc2 Bb7 6. a3 Bxc3+ 7. Qxc3 d5 8.
cxd5 Qxd5 9. e3 Nbd7 10. b4 O-O 11. Bb2 a5 12. Bd3 axb4 13. axb4 Rxa1+ 14. Bxa1
Qa2 15. O-O Nd5 16. Qe1 c5 17. dxc5 bxc5 18. b5 Ra8 19. Qc1 h6 20. h3 Qa3 21.
Qd2 Qb4 22. Qc2 Qa4 23. Qb2 f6 24. Rc1 Nb4 25. Be2 Bxf3 26. gxf3 Nd5 27. f4
N7b6 28. Bg4 Kf7 29. Qb1 Qa3 30. Rd1 f5 31. Bf3 Ra4 32. Be5 Qb4 33. Qd3 Ra3 34.
Qf1 g6 35. h4 Nc4 $2 (35... Rb3 36. h5 g5 $16) 36. Rxd5 $18 Nxe5 37. Rxe5 Qc3
38. Kg2 1-0

[Event "Grand Slam Final 7th"]
[Site "Bilbao"]
[Date "2014.09.14"]
[Round "1"]
[White "Vallejo Pons, Francisco"]
[Black "Aronian, Levon"]
[Result "1/2-1/2"]
[WhiteElo "2712"]
[BlackElo "2804"]
[Annotator "Ramirez Alvarez,A"]
[PlyCount "92"]
[EventDate "2014.09.14"]
[EventType "tourn"]
[EventRounds "6"]
[EventCountry "ESP"]
[EventCategory "21"]
[SourceTitle "CBM 163"]
[Source "ChessBase"]
[SourceDate "2014.11.11"]
[SourceVersion "1"]
[SourceVersionDate "2014.11.11"]
[SourceQuality "1"]

1. d4 Nf6 2. c4 e6 3. Nc3 Bb4 4. Nf3 b6 5. Bg5 h6 6. Bh4 g5 7. Bg3 Ne4 8. Qd3 {
unusual, Qc2 is more seen.} f5 9. h4 $5 {This interesting novelty probably
will not gather too many supporters.} Bxc3+ 10. bxc3 Nxg3 11. fxg3 g4 12. Nd2
d5 13. e4 dxe4 14. Nxe4 Bb7 (14... fxe4 15. Qxe4 c6 16. Qg6+ {leaves Black
king too weak.}) 15. Nd2 Nd7 {Black's structure is good, if he finishes
development he will be way ahead.} 16. Qe3 Qf6 17. Bd3 Bxg2 18. Rh2 Bb7 19. Re2
O-O-O 20. Qxe6 Qxe6 21. Rxe6 Nc5 22. Re3 Nxd3+ 23. Rxd3 {Wit the smoke cleared
it is obvious that Black holds a small edge, but not more than that. The
position gives White good chances to hold on.} f4 (23... c5 $1) 24. gxf4 Rdf8
25. Kf2 g3+ (25... Rxf4+ 26. Kg3 Rhf8 27. Re1 Rf2 28. d5 {is not as dangerous
as it looks at first.}) 26. Rxg3 Rxf4+ 27. Ke3 Rxh4 28. Rag1 Re8+ 29. Kd3 Bc6
30. Nf3 Be4+ 31. Kd2 Bxf3 32. Rxf3 Rh2+ 33. Kd3 Rxa2 34. Rg7 $1 {Piece
activity is al ways paramount in rook endgames.} Kb8 (34... Ree2 35. c5 b5 36.
Re3 $13) 35. Rh7 Ree2 36. c5 b5 37. Re3 Rxe3+ 38. Kxe3 {Black has no winning
chances in this engame, his passed pawns are too slow.} Ra3 39. Kd2 Ra6 40. c4
bxc4 (40... b4 41. d5 $11 {Black needs to be careful in these lines.}) 41. Kc3
c6 42. Rxh6 Kb7 43. Rh7+ Kc8 44. Rh8+ Kb7 45. Rh7+ Kb8 46. Rh8+ Kb7 1/2-1/2

[Event "Abu Dhabi op 23rd"]
[Site "Abu Dhabi"]
[Date "2015.08.23"]
[Round "1"]
[White "Oganisjan, Roman"]
[Black "Akopian, Vladimir Eduardovic"]
[Result "0-1"]
[WhiteElo "2328"]
[BlackElo "2647"]
[Annotator "Sagar Shah"]
[PlyCount "52"]
[EventDate "2015.08.23"]
[EventType "swiss"]
[EventRounds "9"]
[EventCountry "UAE"]
[SourceTitle "EXT 2016"]
[Source "ChessBase"]
[SourceDate "2015.10.08"]
[SourceVersion "1"]
[SourceVersionDate "2015.10.08"]
[SourceQuality "1"]
[WhiteClock "0:00:59"]
[BlackClock "0:35:20"]

1. d4 Nf6 2. c4 e6 3. Nc3 Bb4 4. Nf3 b6 5. g4 $5 {Only one game has been
played with this move before. Indjic against Efimenko which ended in a win for
Black.} Bb7 (5... Nxg4 6. Rg1 {Recovers the pawns and gives excellent play.})
6. g5 Ne4 7. Qd3 d5 {It's very nice to see how Akopian plays in the center
against the flank attack by his opponent.} 8. cxd5 exd5 9. h4 c5 10. Bd2 O-O $1
{When you have not broken any rules of opening play you shouldn't be afraid to
0-0. Even if your opponents pawns are so far advaanced.} 11. a3 Bxc3 12. Bxc3
Re8 13. b4 Ba6 14. Qc2 Nc6 15. Bb2 Rc8 {Each and every move that Black makes
is a developing move and towards the center of the board.} 16. Qa4 Bc4 17. dxc5
bxc5 18. e3 Bxf1 19. Kxf1 d4 $1 {Of course! The culmination of Black's central
strategy. White's pawns on h4-g5 have been able to cause absolutely no damage.}
20. exd4 Qd5 21. Qd1 cxd4 22. Rh2 d3 23. Nd2 Nxd2+ 24. Qxd2 Ne5 25. Qf4 d2 26.
Rd1 Nf3 {The h2 rook is hanging and with Re1+ coming up, Roman resigns. A very
instructive game by the experienced Armenian grandmaster.} 0-1

[Event "Wch U20 54th"]
[Site "Khanty-Mansiysk"]
[Date "2015.09.04"]
[Round "3"]
[White "Bluebaum, Matthias"]
[Black "Gagare, Shardul"]
[Result "1-0"]
[WhiteElo "2580"]
[BlackElo "2469"]
[Annotator "Schulz,Andre"]
[PlyCount "57"]
[EventDate "2015.09.02"]
[EventType "swiss"]
[EventRounds "13"]
[EventCountry "RUS"]
[SourceTitle "EXT 2016"]
[Source "ChessBase"]
[SourceDate "2015.10.08"]
[SourceVersion "1"]
[SourceVersionDate "2015.10.08"]
[SourceQuality "1"]

1. d4 Nf6 2. c4 e6 3. Nc3 Bb4 4. Nf3 O-O 5. Bg5 h6 6. Bh4 c5 7. Rc1 cxd4 8.
Nxd4 b6 9. Ndb5 Ba6 10. Qa4 Be7 11. Bg3 Bxb5 12. Qxb5 Nc6 13. e3 a6 14. Qb3 Nh5
15. Be2 Nxg3 16. hxg3 f5 17. O-O Rb8 18. Rfd1 Ne5 19. Rd2 Qc7 20. Rcd1 Rfd8 21.
e4 fxe4 22. Nxe4 b5 23. c5 a5 24. Bxb5 Qb7 {Das Schwache Feld e6 lädt zu
einer Kombination ein:} 25. Rxd7 $1 Nxd7 (25... Qxb5 26. Rxd8+ Bxd8 27. Rxd8+
$18) (25... Rxd7 26. Qxe6+ Kh8 27. Rxd7 (27. Bxd7 $2 Qxe4 $15) 27... Qxe4 (
27... Nxd7 28. Bxd7 $18) 28. Rxe7 Rxb5 29. Re8+ {Am klarsten.} ({Auch gewonnen
ist wohl} 29. Qxe5 Qxe5 30. Rxe5 Rxb2 31. c6 Rc2 32. Rxa5) 29... Kh7 30. Qg8+
Kg6 31. Re6+ Kf5 (31... Kh5 32. Qe8+ $18) 32. Rxe5+ Kxe5 (32... Qxe5 33. Qf7+
Ke4 34. Qc4+ Qd4 35. Qxb5 $18) 33. Qe8+ Kf5 34. Qxb5 $18) 26. Qxe6+ {und
gewinnt eine Figur.} Kh8 27. Bxd7 Bf8 28. c6 Qb6 {Der nächste Kraftzug
eintscheidet die Partie:} 29. Ng5 $1 (29. Ng5 hxg5 30. Qh3+ Kg8 31. Be6#) 1-0

[Event "Julian Borowski 1st"]
[Site "Essen"]
[Date "1999.03.28"]
[Round "2"]
[White "Fridman, Daniel"]
[Black "Christiansen, Larry Mark"]
[Result "0-1"]
[WhiteElo "2529"]
[BlackElo "2581"]
[Annotator "Stohl,I"]
[PlyCount "76"]
[EventDate "1999.03.??"]
[EventType "tourn"]
[EventRounds "9"]
[EventCountry "GER"]
[EventCategory "14"]
[SourceTitle "CBM 071"]
[Source "ChessBase"]
[SourceDate "1999.08.01"]
[SourceVersion "1"]
[SourceVersionDate "1999.08.01"]
[SourceQuality "1"]

1. d4 e6 2. c4 b6 3. Nf3 Bb7 4. Nc3 Bb4 5. Bd2 {A very harmless setup by White,
as now Black simply transposes into a Nimzo-Indian with Bd2. Without accepting
the challenge and striving to occupy the [+] (3.e4) White can't hope for an
opening advantage. Even older games give ample proof of this.} Nf6 6. Qc2 (6.
g3 Bxc3 $5 7. Bxc3 Ne4 $11) 6... O-O (6... Qe7 7. a3 Bxc3 8. Bxc3 Ne4 9. e3 d6
10. Bd3 f5 11. O-O-O Nd7 12. Rhg1 O-O-O 13. b4 g5 14. Bb2 g4 15. Ne1 Rhg8 16.
f3 gxf3 17. Nxf3 c5 18. Kb1 Kb8 $15 {Van Rijn,W-Jansen,J/Haarlem/1996/}) 7. a3
(7. e3 c5 (7... Bxc3 8. Bxc3 Ne4 9. Rd1 (9. Bb4 d6 10. Bd3 f5 11. O-O-O Nc6 (
11... c5 $142 $13) 12. Ba3 a5 $6 13. Bxe4 Nb4 14. Bxb7 Nxc2 15. Kxc2 Rb8 16.
Bc6 Qf6 17. g3 Qg6 18. Rd3 Qh5 19. Rd2 Rfd8 20. b3 h6 21. h4 g5 22. Ne1 Qg6 23.
hxg5 hxg5 24. f4 g4 25. d5 e5 26. Bb2 {1-0,Troeger,P-Unzicker,W/Bad Pyrmont/
1949/}) (9. Bd3 f5 10. O-O-O d6 11. Ne1 Qg5 12. h4 Qh6 13. Rh2 Nd7 14. Bxe4
Bxe4 15. Qe2 Bb7 16. Nd3 Nf6 17. f3 a5 18. Nf4 Nh5 19. Nxh5 Qxh5 20. Qd2 Ba6
$15 {[%csl Ga6,Rc3] ^-|^ Heller,M-Hein,A/Schleswig-Holstein-ch/1988}) 9... f5
10. Bd3 d6 11. b4 Nd7 12. Bb2 a5 13. a3 Qe8 14. O-O Ndf6 15. Ne1 axb4 16. axb4
Qh5 $132 {1/2,Havasi,K-Gruenfeld,E/Budapest/1926/}) (7... d5 8. cxd5 exd5 9.
Bd3 (9. Nb5 Bxd2+ 10. Nxd2 Nc6 11. Be2 Qe7 12. h3 Rfc8 13. O-O Nd8 14. Rfc1 c5
15. dxc5 bxc5 16. Nb3 Ne6 17. Bf3 Bc6 18. Nc3 Rab8 19. Nd2 a5 20. b3 d4 21. Nd1
Bb5 22. Nc4 Ng5 23. Be2 Rd8 24. Ndb2 Nd5 25. exd4 Nf4 $36 {Peric,S-Tosic,M/
Niksic/1997/}) 9... Nbd7 10. O-O a6 $5 $14 (10... Re8 11. Nb5 Bd6 12. Rac1 (12.
Nxd6 cxd6 13. Rfc1 Nf8 14. Qc7 Rb8 15. Bf5 Ne6 16. Bxe6 fxe6 17. Bb4 Ne4 18.
Qxd8 Rexd8 19. Rc7 a5 20. Be1 Rdc8 21. Rac1 Ba6 22. h4 Rxc7 23. Rxc7 Rc8 24.
Rxc8+ Bxc8 $11 {1/2,Falcon,E-Nogues Acuna,A/ARG-ch/1938/}) 12... Nf8 13. Nxd6
cxd6 14. Qc7 Re7 15. Qxd8 Rxd8 16. Bb4 Ne6 17. Ne5 Rc7 18. Rxc7 Nxc7 19. Rc1
Nfe8 20. Nc6 Bxc6 21. Rxc6 $16 {[%csl Gb4,Gd3] ^^_|_,Tartakower,S-Johner,P/
Karlsbad/1929/})) (7... d6 8. Bd3 Nbd7 9. O-O-O c5 10. Ne4 Bxd2+ 11. Nfxd2 Qe7
12. Ng5 h6 13. h4 cxd4 14. exd4 d5 15. Kb1 Rfc8 16. b3 dxc4 17. bxc4 b5 18. c5
Nxc5 19. dxc5 Rxc5 20. Bh7+ Kf8 21. Nxe6+ fxe6 22. Qg6 Rd8 23. f3 Rcd5 {
0-1,Damgaard,S-Grigorian,M/Copenhagen/ 1996/}) 8. dxc5 (8. Bd3 $6 Bxf3 (8...
Nc6 9. a3 cxd4 10. exd4 Bxc3 11. Bxc3 d5 12. Ne5 dxc4 13. Nxc6 Bxc6 14. Bxc4
Bxg2 15. Rg1 Be4 16. Qe2 Bg6 17. Bb4 Re8 18. Bb5 a5 19. Bxe8 axb4 20. Bc6 Rc8
21. Ba4 bxa3 22. Rxa3 Qxd4 $36 {Weinstein,S-Rabinovich,I/Leningrad/1921/}) 9.
gxf3 cxd4 10. exd4 Nc6 11. Be3 d5 12. cxd5 Qxd5 13. Be4 Nxe4 14. fxe4 Nxd4 15.
O-O-O Nxc2 16. exd5 Nxe3 17. fxe3 Rac8 $17 {Pachmann,O-Grabuzova,T/Pardubice
op/1993/}) 8... Bxc5 9. a3 Be7 10. Be2 d6 11. O-O Nbd7 12. Rfd1 a6 13. Be1 Qc7
14. Rac1 Rac8 15. Nd2 Qb8 16. Qb1 Rfd8 17. b4 Qa8 18. Bf1 h6 19. h3 Ne5 20. Na4
Qa7 21. Nc3 Bf8 22. Qa1 Qb8 23. Qb1 Qa8 24. Na4 Ned7 25. Nc3 Re8 26. Qd3 Be7
27. Qb1 Rc7 $11 {Man Yee,C-Rubinetti,J/Sao Paulo/1991/}) (7. g3 $6 Nc6 $1 8.
O-O-O Na5 9. b3 Ba3+ 10. Kb1 Nc6 11. Bc1 Nb4 12. Qd2 Ne4 13. Qe3 Nxc3+ 14. Qxc3
Be4+ 15. Rd3 Nxd3 {0-1,Grau,R-Blumich,M/Haag olm/1928/}) 7... Bxc3 8. Bxc3 Ne4
9. g3 d5 $5 {An ambitious move.} (9... c5 $11 {leads to simple equality.}) (
9... Ng5 $143 10. Nxg5 Qxg5 11. e4 f5 12. Bg2 $14) 10. cxd5 exd5 11. Bg2 Re8
12. O-O Nd7 (12... c5 $13) 13. e3 c5 14. dxc5 bxc5 15. Nd2 (15. b4 Rc8 16. Qb2
Nxc3 17. Qxc3 Qe7 $5 $11) 15... Nxc3 16. bxc3 $5 $11 (16. Qxc3 Qb6 {/\d4|^})
16... Rb8 17. Rfb1 (17. Rab1 $11 {seems more natural.}) 17... Qc7 18. c4 (18.
e4 dxe4 19. Nxe4 c4 $5 $15 {()}) 18... d4 $8 {The only move to keep tension in
the position.} (18... dxc4 19. Bxb7 Rxb7 20. Nxc4 $11 {/+/=}) 19. Bxb7 Rxb7 20.
exd4 Rxb1+ 21. Rxb1 cxd4 22. Qd3 (22. Nf3 Ne5 23. Nxe5 (23. Nxd4 Qd7 24. Nf5 g6
25. Ne3 Nf3+ $1 26. Kg2 Qc6 27. Nd5 Ne1+ $17) 23... Qxe5 24. Qd3 $11 {was the
simplest, but maybe White started to have ambitions somewhere around here.})
22... Ne5 $5 (22... Qc5 23. Rb5 $1 Re1+ 24. Kg2 Qc6+ 25. Qf3 $36 {[%csl Rd4]
><d4}) 23. Qe4 $2 (23. Qxd4 Rd8 24. Qb2 h6 $1 (24... Rxd2 $2 25. Qb8+ Qd8 $8
26. Qxe5 $18) 25. Nf1 $5 (25. Ne4 Nf3+ (25... Nxc4 26. Qc3 Rc8 27. Rc1 Qd7 $11)
26. Kg2 Qxc4 27. Qb4 (27. Kxf3 $2 Rd3+ 28. Kg2 $8 (28. Kf4 $2 g5+) 28... Qxe4+
29. Kg1 Rxa3 $17) 27... Qd3 28. Nc5 Qd5 29. Qe4 Nxh2 $1 30. Qxd5 Rxd5 31. Rb8+
Kh7 32. Kxh2 Rxc5 33. Rb7 a5 $15) 25... Nxc4 (25... Nf3+ 26. Kg2 Qc6 27. Qb7
$14) 26. Qc3 $11) 23... Rd8 {o^d4 Now the potentially strong passed pawn in
connection with the weakened white squares around Kg1 make White's life more
difficult.} 24. Rb7 Qc8 25. Rxa7 Nc6 $1 (25... Nxc4 $2 26. Qe7 Nd6 (26... Rf8
27. Rc7 $18) 27. Ne4 Re8 28. Qxd6 Rxe4 29. Qd5 $16) 26. Ra4 Re8 27. Qd5 h6 $44
{[%csl Ra4,Rf3,Rg1,Rg2,Rh3][%mdl 128] צa4,עg1 In the final phase of the game
Black with the help of his opponent whips up a strong -> with his 3 remaining
pieces.} 28. Kg2 (28. Ne4 $2 Re5 $1 (28... Rd8 $2 29. Nd6) (28... Qg4 29. Qxc6
Rxe4 30. Kg2 d3 31. h3 Qf5 32. Ra8+ Kh7 33. Ra5 $1 Re5 34. Rxe5 Qxe5 35. Qf3
Qd4 36. Qf5+ $11) 29. Qxf7+ (29. Nd6 Qd7 30. Ra8+ Kh7 31. Qxf7 (31. Rh8+ Kg6 $1
$19) 31... Qxd6 32. Qg8+ Kg6 $19) 29... Kxf7 30. Nd6+ Kf8 31. Nxc8 d3 $19 {
[%csl Gd3] o^d}) 28... Rd8 29. Qb5 d3 30. Qb6 (30. Qc5 $5 Qb7 (30... Re8 31.
Qd5 Rd8 32. Qe4 $14) 31. Qb5 $11) 30... Re8 31. Nf3 Re2 32. Qb3 $2 $138 (32.
Qc5 $142 $13 {[%csl Rf2] ><f2,/\} d2 $2 33. Qd5) 32... Ne5 $1 $19 {->} 33. Rb4
(33. Nxe5 Rxe5 34. Qd1 (34. Rb4 Qc6+ 35. Kh3 Rh5+ 36. Kg4 f5+ $1 37. Kxh5 Qf3+
38. Kg6 Qg4#) 34... Qc6+ 35. Kh3 (35. Kg1 d2 $19) 35... Qd7+ $1 {[%cal Rd3d2] /
\d2-+}) (33. Nd4 Ng4 $1 34. Nxe2 dxe2 35. Qb4 (35. Qb1 Qc6+ 36. f3 Qxa4 37.
fxg4 Qd1 38. Qf5 g6 $1 $19) 35... Ne5 $1 36. Ra7 Qc6+ 37. Kh3 Nd3 38. Qe7 Nxf2+
39. Kh4 Qxc4+ $19) 33... Qc6 34. Rb8+ Kh7 35. Qb7 Qf6 $138 (35... Qc5 $142 $1
36. Nxe5 (36. Qb6 Rxf2+) 36... Qxf2+ 37. Kh3 Qf5+ $1 38. g4 Qf1+ 39. Kg3 Qf2+
40. Kh3 Qxh2#) 36. Nxe5 $2 {Loses immediately, but the game was beyond saving
anyway.} (36. Qd5 Rxf2+ $1 (36... d2 $19) 37. Kxf2 Ng4+ 38. Kg2 (38. Kg1 Qa1+)
(38. Ke1 Qc3+ $19) 38... Ne3+ 39. Kf2 Nxd5 40. cxd5 Qc3 $19) (36. Qa8 Ng4 37.
Rh8+ Kg6 38. Re8 Rxf2+ 39. Kh3 Qf5 $5 40. Nh4+ Kh5 $19) 36... Qxf2+ 37. Kh3
Qf5+ 38. g4 Qf1+ 0-1